<?xml version="1.0" encoding="UTF-8"?>
<record
    xmlns:xsi="http://www.w3.org/2001/XMLSchema-instance"
    xsi:schemaLocation="http://www.loc.gov/MARC21/slim http://www.loc.gov/standards/marcxml/schema/MARC21slim.xsd"
    xmlns="http://www.loc.gov/MARC21/slim">

  <leader>01389nam a2200385 i 4500</leader>
  <controlfield tag="001">991001329549705066</controlfield>
  <controlfield tag="005">20260503183307.0</controlfield>
  <controlfield tag="008">970513s1992    pl a         |001 0 pol  </controlfield>
  <controlfield tag="009">b0000001038589</controlfield>
  <datafield tag="015" ind1=" " ind2=" ">
    <subfield code="a">UWD 1992/4473</subfield>
  </datafield>
  <datafield tag="020" ind1=" " ind2=" ">
    <subfield code="a">8385047018</subfield>
  </datafield>
  <datafield tag="035" ind1=" " ind2=" ">
    <subfield code="a">991001329549705066</subfield>
  </datafield>
  <datafield tag="035" ind1=" " ind2=" ">
    <subfield code="a">(PL-WaBN)b10385897-48omnis_nlop</subfield>
  </datafield>
  <datafield tag="035" ind1=" " ind2=" ">
    <subfield code="a">b10385897</subfield>
  </datafield>
  <datafield tag="035" ind1=" " ind2=" ">
    <subfield code="a">(OCoLC)830057718</subfield>
  </datafield>
  <datafield tag="035" ind1=" " ind2=" ">
    <subfield code="a">zz2004950593</subfield>
  </datafield>
  <datafield tag="035" ind1=" " ind2=" ">
    <subfield code="a">(PL)b0000001038589</subfield>
  </datafield>
  <datafield tag="035" ind1=" " ind2=" ">
    <subfield code="a">(EXLNZ-48OMNIS_NETWORK)9910334288705606</subfield>
  </datafield>
  <datafield tag="040" ind1=" " ind2=" ">
    <subfield code="a">WA N</subfield>
    <subfield code="c">WA N</subfield>
  </datafield>
  <datafield tag="080" ind1=" " ind2=" ">
    <subfield code="a">940.531.8</subfield>
  </datafield>
  <datafield tag="100" ind1="1" ind2=" ">
    <subfield code="a">Piper, Franciszek</subfield>
    <subfield code="d">(1941- )</subfield>
  </datafield>
  <datafield tag="245" ind1="1" ind2="0">
    <subfield code="a">Ilu ludzi zgin&#x119;&#x142;o w KL Auschwitz :</subfield>
    <subfield code="b">liczba ofiar w &#x15B;wietle &#x17A;r&#xF3;de&#x142; i bada&#x144; 1945-1990 /</subfield>
    <subfield code="c">Franciszek Piper.</subfield>
  </datafield>
  <datafield tag="260" ind1=" " ind2=" ">
    <subfield code="a">O&#x15B;wi&#x119;cim :</subfield>
    <subfield code="b">Wydaw. Pa&#x144;st. Muzeum,</subfield>
    <subfield code="c">1992</subfield>
    <subfield code="e">(Ciesz. :</subfield>
    <subfield code="f">CDW).</subfield>
  </datafield>
  <datafield tag="300" ind1=" " ind2=" ">
    <subfield code="a">221, [2] s., [1] k. tabl. :</subfield>
    <subfield code="b">faks., fot., portr. ;</subfield>
    <subfield code="c">21 cm.</subfield>
  </datafield>
  <datafield tag="336" ind1=" " ind2=" ">
    <subfield code="a">Tekst</subfield>
    <subfield code="b">txt</subfield>
    <subfield code="2">rdacontent</subfield>
  </datafield>
  <datafield tag="337" ind1=" " ind2=" ">
    <subfield code="a">Bez urz&#x105;dzenia po&#x15B;rednicz&#x105;cego</subfield>
    <subfield code="b">n</subfield>
    <subfield code="2">rdamedia</subfield>
  </datafield>
  <datafield tag="338" ind1=" " ind2=" ">
    <subfield code="a">Wolumin</subfield>
    <subfield code="b">nc</subfield>
    <subfield code="2">rdacarrier</subfield>
  </datafield>
  <datafield tag="380" ind1=" " ind2=" ">
    <subfield code="a">Ksi&#x105;&#x17C;ki</subfield>
  </datafield>
  <datafield tag="504" ind1=" " ind2=" ">
    <subfield code="a">Bibliogr. s. 125-131. - Indeksy.</subfield>
  </datafield>
  <datafield tag="610" ind1="2" ind2="7">
    <subfield code="a">Auschwitz-Birkenau (niemiecki ob&#xF3;z koncentracyjny)</subfield>
    <subfield code="2">DBN</subfield>
  </datafield>
  <datafield tag="610" ind1="2" ind2="0">
    <subfield code="a">Auschwitz (Concentration camp)</subfield>
  </datafield>
  <datafield tag="650" ind1=" " ind2="0">
    <subfield code="a">World War, 1939-1945</subfield>
    <subfield code="x">Atrocities</subfield>
    <subfield code="z">Poland</subfield>
    <subfield code="z">O&#x15B;wi&#x119;cim.</subfield>
  </datafield>
  <datafield tag="710" ind1="2" ind2=" ">
    <subfield code="a">Wydawnictwo Pa&#x144;stwowego Muzeum Auschwitz-Birkenau</subfield>
    <subfield code="4">pbl</subfield>
  </datafield>
  <datafield tag="942" ind1=" " ind2=" ">
    <subfield code="2">z</subfield>
    <subfield code="c">BK</subfield>
    <subfield code="n">0</subfield>
  </datafield>
  <datafield tag="999" ind1=" " ind2=" ">
    <subfield code="c">34</subfield>
    <subfield code="d">34</subfield>
  </datafield>
  <datafield tag="952" ind1=" " ind2=" ">
    <subfield code="0">0</subfield>
    <subfield code="1">0</subfield>
    <subfield code="2">z</subfield>
    <subfield code="4">0</subfield>
    <subfield code="7">0</subfield>
    <subfield code="a">KSP_RYT</subfield>
    <subfield code="b">KSP_RYT</subfield>
    <subfield code="d">2014-07-19</subfield>
    <subfield code="e">da</subfield>
    <subfield code="g">10.00</subfield>
    <subfield code="i">RYT-018</subfield>
    <subfield code="j">1/2014</subfield>
    <subfield code="l">0</subfield>
    <subfield code="o">R.18</subfield>
    <subfield code="p">2000000000183</subfield>
    <subfield code="r">2026-05-03 18:34:31</subfield>
    <subfield code="w">2026-05-03</subfield>
    <subfield code="y">BK</subfield>
  </datafield>
</record>
